Flagi miast województwa lubelskiego - Statystyki

Ogólne statystyki
  • Ten quiz został rozwiązany 133 razy
  • Średni wynik to 11 z 20
Statystyki odpowiedzi
Obrazkowy Odpowiedź % Poprawnych
Lublin
98%
Chełm
83%
Zamość
83%
Biała Podlaska
74%
Biłgoraj
68%
Świdnik
64%
Puławy
62%
Krasnystaw
57%
Łęczna
56%
Kraśnik
55%
Hrubieszów
54%
Łuków
49%
Włodawa
46%
Dęblin
39%
Kazimierz Dolny
37%
Parczew
35%
Bełżyce
32%
Międzyrzec Podlaski
28%
Annopol
21%
Modliborzyce
17%
Nie znaleziono quizów pasujących do podanych kryteriów
Rozkład punktacji
Procent ludzi z każdym wynikiem
Percentyl według liczby udzielonych odpowiedzi
Twoja historia wyników
Nie rozwiązałeś tego quizu